MARC

Tag First Indicator Second Indicator Subfields
LEADER 00000cam a2200000Ia 4500
001 in00002004792
005 20220106090503.0
007 cr cn||||a||||
008 041101s2004 vauab b f000 0 eng d
010 |a  2004451400 
035 |a (OCoLC)ocm57254652 
040 |a SAC  |c SAC  |d IXA  |d OCLCQ  |d OCL  |d RLA  |d RCE  |d DLC  |d UtOrBLW 
043 |a n-us-ma 
049 |a TXAM 
050 0 0 |a GB1625.M3  |b B74 2004 
082 0 4 |a 551.48 
082 0 0 |a 363.739/4209744  |2 22 
086 0 |a I 19.42/4-4:2004-5110 
100 1 |a Breault, Robert F. 
245 1 0 |a Sediment quality in the North Coastal Basin of Massachusetts, 2003 /  |c by Robert F. Breault, Mary S. Ashman, and Douglas Heath ; in cooperation with the Massachusetts Department of Environmental Protection. 
264 1 |a [Reston, Va.] :  |b U.S. Geological Survey,  |c 2004. 
300 |a iv, 25 pages :  |b illustrations, color map ;  |c 28 cm. 
336 |a text  |b txt  |2 rdacontent 
337 |a computer  |b c  |2 rdamedia 
338 |a online resource  |b cr  |2 rdacarrier 
490 1 |a Scientific investigations report ;  |v 2004-5110 
500 |a Shipping List #: 2005-0022-P 
500 |a Shipping List Date: 10/28/2004 
538 |a Also available on the World Wide Web from the USGS web site. Address as of 12/9/04: http://pubs.water.usgs.gov/sir2004-5110/; current access is available via PURL. 
500 |a Distributed to depository libraries in microfiche on shipping list number: 2005-0049-M. 
504 |a Includes bibliographical references. 
650 0 |a Lake sediments  |z Massachusetts. 
650 0 |a River sediments  |z Massachusetts. 
650 0 |a Water quality management  |z Massachusetts. 
650 0 |a Water  |x Pollution  |z Massachusetts. 
700 1 |a Ashman, Mary S. 
700 1 |a Heath, Douglas. 
710 2 |a Geological Survey (U.S.) 
710 1 |a Massachusetts.  |b Department of Environmental Protection. 
830 0 |a Scientific investigations report ;  |v 2004-5110. 
856 4 1 |u http://www.arlis.org/docs/vol1/57254652.pdf  |x Copied to ARLIS document server on May 31, 2006  |z PURL  |t 0 
856 4 1 |u https://purl.fdlp.gov/GPO/LPS56134  |z PURL leads to a screen from where the document may be downloaded  |t 0 
856 4 1 |u http://pubs.water.usgs.gov/sir2004-5110/  |t 0 
994 |a C0  |b TXA 
948 |a cataloged  |b h  |c 2010/07/06  |e rharris  |f 03:35:24 pm 
999 |a MARS 
999 f f |s c4c04f50-9164-3183-b55c-503373fc9cb6  |i e658977c-86b8-3c3c-8025-e73af1486df9  |t 0 
952 f f |p normal  |a Texas A&M University  |b College Station  |c Sterling C. Evans Library  |d Evans: US Documents (Annex 5th floor)  |t 0  |e I 19.42/4-4:2004-5110  |h Superintendent of Documents classification  |i computer -- online resource 
998 f f |a I 19.42/4-4:2004-5110  |t 0  |l Evans: US Documents (Annex 5th floor)